000 00516nam a2200181Ia 4500
008 151018s9999 xx 000 0 und d
082 _bRBASDV41429
_a891.433
100 _aशर्मा बाम
245 _aमाटी कि महक
250 _b1
260 _bसाक्षी
_c2006
300 _a144
600 _aशर्मा बाम
630 _aमाटी कि महक
700 _aशर्मा बाम
730 _aमाटी कि महक
942 _cBOOK
999 _c1040696
_d1040693